000
00300nam a2200121Ia 4500
008
241015s9999 xx 000 0 und d
041
_a
eng
082
_a
005.54 HYM
100
_a
Hyman
245
_a
Microsoft Power Bi For Dummies
260
_b
Wiley India
_a
New Delhi
_c
2022
300
_a
402;. P. 23 cm
999
_c
41827
_d
41827